000 07809nas1a22012731i 4500
001 RU\NLR\INFOCOMM7\1000008774
005 20260408083619.0
011 _a0130-6073
035 _a(NLR Aleph) 002451054
090 _a2163756
_c2163756
100 _a20040324a19489999|||y0rusy50 ca
101 0 _arus
102 _aRU
110 _aazu||||0|y0
200 1 _aИностранные языки в школе
_fРед. коллегия. Ред. Н.С.Чемоданов
_gМ-во прос. РСФСР
210 _aМ.
_cГос. учеб.-пед. изд-во М-ва прос. РСФСР
_d1948-
300 _aС июля 1941 г. по 1947 г. журн. не издавался
320 _aКлассифицированный указатель статей журнала ... за 1934-1940 г. / Грузинская И. (1941, № 1. - с. 74-83)
421 0 _1001RU\NLR\INFOCOMM15\5000340061
_12001#$aМетодическая мозаика
_1852##$aNLR$jП28/2015
_94157366
_cМ.
_d2003 -
_nБ.и.
_oПрил. к журн. "Иностранные языки в школе"
_tМетодическая мозаика
430 0 _1001rc\2934477
_12001#$aИностранный язык в средней школе
_96502803
_cМосква
_d1934-1935
_fУпр. нач. и средней школы Наркомпроса РСФСР
_nОгиз. Гос. учеб.-педагогическое изд-во
_oМетод. сборник
_tИностранный язык в средней школе
430 0 _1001rc\2934478
_12001#$aИностранный язык в школе
_96502812
_cМосква
_d1936-1941
_nГос. учеб.-пед. изд-во
_oМетод. журн.
_tИностранный язык в школе
531 _aИЯ
_zrus
702 1 _4070
_7ca
_8rus
_aЧемоданов
_bН. С.
_f1903-1986
_gНиколай Сергеевич
_9253360
_3RU\NLR\AUTH\770253416
712 0 1 _4570
_aРСФСР
_bМинистерство народного образования
_3RU\NLR\AUTH\8810143000
_9780608
712 0 1 _4570
_aРСФСР
_bГлавное управление школ
_3RU\NLR\AUTH\8810169474
_9834769
712 0 1 _4570
_aРоссийская Федерация
_bМинистерство образования
_3RU\NLR\AUTH\884572
_9280683
712 0 1 _4570
_aРоссийская Федерация
_bМинистерство общего и профессионального образования
_3RU\NLR\AUTH\889946499
_9388575
801 2 _aRU
_bNLR
_c20080202
_2rusmarc
801 1 _aRU
_bInfoComm
_c20040324
801 0 _aRU
_bNLR
_gPSBO
852 _aNLR
_jП28/406
_yс 1948
852 _aNLR
_jП28/124
_yс 1934 по 1941
942 _cJOURNAL
980 _aRUSPER